<?xml version="1.0" encoding="UTF-8"?>
<record
    xmlns:xsi="http://www.w3.org/2001/XMLSchema-instance"
    xsi:schemaLocation="http://www.loc.gov/MARC21/slim http://www.loc.gov/standards/marcxml/schema/MARC21slim.xsd"
    xmlns="http://www.loc.gov/MARC21/slim">

  <leader>00828nam a2200241 a 4500</leader>
  <controlfield tag="001">BRL_98</controlfield>
  <controlfield tag="005">20190320210604.0</controlfield>
  <controlfield tag="008">111012s1979----mx-#######---#000-0#spa-#</controlfield>
  <datafield tag="041" ind1=" " ind2=" ">
    <subfield code="a">spa</subfield>
  </datafield>
  <datafield tag="044" ind1=" " ind2=" ">
    <subfield code="a">mx</subfield>
  </datafield>
  <datafield tag="050" ind1=" " ind2="4">
    <subfield code="a">JL1298</subfield>
    <subfield code="b">.B35 1979</subfield>
  </datafield>
  <datafield tag="100" ind1="1" ind2=" ">
    <subfield code="a">Ballinas Acu&#xF1;a, J. Francisco</subfield>
    <subfield code="9">22905</subfield>
  </datafield>
  <datafield tag="245" ind1="1" ind2="0">
    <subfield code="a">Ley de organizaciones pol&#xED;ticas y procesos electorales</subfield>
    <subfield code="b">comentada, en orden alfab&#xE9;tico y con la f&#xF3;rmula matem&#xE1;tica</subfield>
    <subfield code="c">J. Francisco Ballinas Acu&#xF1;a, Luis Torres Garc&#xED;a.</subfield>
  </datafield>
  <datafield tag="260" ind1=" " ind2=" ">
    <subfield code="a">[M&#xE9;xico]</subfield>
    <subfield code="b">Profusa</subfield>
    <subfield code="c">1979</subfield>
  </datafield>
  <datafield tag="300" ind1=" " ind2=" ">
    <subfield code="a">148 p.</subfield>
    <subfield code="c">16 cm.</subfield>
  </datafield>
  <datafield tag="500" ind1=" " ind2=" ">
    <subfield code="a">Au118</subfield>
  </datafield>
  <datafield tag="650" ind1="1" ind2="4">
    <subfield code="a">Partidos pol&#xED;ticos</subfield>
    <subfield code="x">Leyes y legislaci&#xF3;n</subfield>
    <subfield code="z">M&#xE9;xico</subfield>
    <subfield code="9">22906</subfield>
  </datafield>
  <datafield tag="650" ind1="1" ind2="4">
    <subfield code="a">Leyes</subfield>
    <subfield code="v">Manual</subfield>
    <subfield code="z">M&#xE9;xico</subfield>
    <subfield code="9">22907</subfield>
  </datafield>
  <datafield tag="651" ind1=" " ind2="4">
    <subfield code="a">M&#xE9;xico</subfield>
    <subfield code="x">Pol&#xED;tica y gobierno</subfield>
    <subfield code="9">7019</subfield>
  </datafield>
  <datafield tag="700" ind1="1" ind2=" ">
    <subfield code="a">Torres Garc&#xED;a, Luis</subfield>
    <subfield code="e">coaut.</subfield>
    <subfield code="9">22908</subfield>
  </datafield>
  <datafield tag="902" ind1=" " ind2=" ">
    <subfield code="a">GRL</subfield>
  </datafield>
  <datafield tag="942" ind1=" " ind2=" ">
    <subfield code="2">lcc</subfield>
    <subfield code="c">B</subfield>
  </datafield>
  <datafield tag="999" ind1=" " ind2=" ">
    <subfield code="c">8911</subfield>
    <subfield code="d">8911</subfield>
  </datafield>
  <datafield tag="952" ind1=" " ind2=" ">
    <subfield code="0">0</subfield>
    <subfield code="1">0</subfield>
    <subfield code="4">0</subfield>
    <subfield code="7">0</subfield>
    <subfield code="a">BRL</subfield>
    <subfield code="b">BRL</subfield>
    <subfield code="d">2012-10-11</subfield>
    <subfield code="i">Au118</subfield>
    <subfield code="l">0</subfield>
    <subfield code="o">JL1298 .B35 1979 (Au118)</subfield>
    <subfield code="p">GRL00110</subfield>
    <subfield code="r">2019-03-22 00:00:00</subfield>
    <subfield code="w">2019-03-22</subfield>
    <subfield code="y">B</subfield>
  </datafield>
</record>
